Normal view
MARC view
Entry Personal Name
001 - CONTROL NUMBER
- control field: 2646
003 - CONTROL NUMBER IDENTIFIER
- control field: TR-AnCHP
005 - DATE AND TIME OF LATEST TRANSACTION
- control field: 20190110165516.0
008 - FIXED-LENGTH DATA ELEMENTS
- fixed length control field: 1901101016n|cannaabn |n|d ||
040 ## - CATALOGING SOURCE
- Original cataloging agency: TR-AnCHP
100 10 - HEADING--PERSONAL NAME
- Personal name: Berber, Engin
- Dates associated with a name: 1963 -
670 ## - SOURCE DATA FOUND
- Source citation: Berber, Engin1963 -.
- Information found: Rumeli'den İzmir'e yitik yaşamların izindeEngin Berber
